[Event "Potiguar-ch"]
[Site "Natal"]
[Date "2013.10.05"]
[Round "7"]
[White "Da Silva, Talison Diego Ribei"]
[Black "Ananias, Thales Rodrigo Lima"]
[Result "1-0"]
[WhiteElo "1800"]
[BlackElo "1775"]
[PlyCount "47"]
[EventDate "2013.09.27"]
[EventType "swiss"]
[EventRounds "9"]
[EventCountry "BRA"]
[SourceTitle "EXT 2015"]
[Source "ChessBase"]
[SourceDate "2014.11.20"]
[SourceVersion "1"]
[SourceVersionDate "2014.11.20"]
[SourceQuality "1"]

1. e4 e5 2. Nf3 Nc6 3. Bc4 Bc5 4. d3 Nf6 5. 0-0 0-0 6. h3 h6 7. Re1 b6 8. Bd5 Bb7 9. c3 Re8 10. b4 Nxd5 11. exd5 Nd4 12. cxd4 Bxd4 13. Nxd4 exd4 14. Rxe8+ Qxe8 15. Bb2 Qe5 16. Qg4 c5 17. Nd2 Qxd5 18. bxc5 bxc5 19. Rc1 d6 20. Nb3 f5 21. Qg6 Rf8 22. Re1 Kh8 23. Re7 Rg8 24. Bc1 1-0